Aufbau von Malacostraca - Statistiken

Allgemein
  • Dieses Quiz wurde 10 mal gespielt
  • Das Durchschnittsergebnis liegt bei 5 aus 10
Antwortstatistiken
Bildquiz Antwort % Korrekt
8. Pleopoden
100%
10. Maxillipeden
50%
1. Mundwerkzeuge
50%
3. Cephalothorax
50%
4. Carapax
50%
5. Pleon
50%
6. Telson
50%
7. Uropoden
50%
9. Peraeopoden
50%
2. Antenne 2
0%
Keine übereinstimmenden Quizze gefunden
Verteilung der Resultate
Anzahl Personen mit jedem Resultat
Perzentil nach korrekt beantworteten Fragen
Ihre Resultats-Entwicklung
Sie haben dieses Quiz noch nicht gespielt